00285nam a22001097a 4500008004100000020001800041082001100059100002100070245002400091260005200115300000800167260530b |||||||| |||| 00| 0 eng d a9789381275603 a001957 aNagasampige, A V aVishnupanchavartham aBangalorebPoorna Prajna Samshodhan Trustc2022 a82p